al-Jarāʼim al-wāqiʻah ʻalá al-ʻaqār /

Saved in:
Bibliographic Details
Main Author: Khammār, al-Fāḍil.
Format: Book
Language:Arabic
Published: Bū Zurayʻah, al-Jazāʼir : Dār Hūmah, 2006.
Edition:al-Ṭabʻah 1.
Subjects:
Tags: Add Tag
No Tags, Be the first to tag this record!
LEADER 01107nam a2200313Ia 4500
001 010590232-2
005 20120115102210.0
008 120113s2006 ae b 000 0 ara d
020 |a 9961669797 
020 |a 9789961669792 
035 0 |a ocn772647069 
040 |a HVL  |c HVL 
043 |a f-ae--- 
050 4 |a KQG683  |b .K43 2006x 
100 1 |6 880-01  |a Khammār, al-Fāḍil. 
245 1 3 |6 880-02  |a al-Jarāʼim al-wāqiʻah ʻalá al-ʻaqār /  |c al-Fāḍil Khammār. 
250 |6 880-03  |a al-Ṭabʻah 1. 
260 |6 880-04  |a Bū Zurayʻah, al-Jazāʼir :  |b Dār Hūmah,  |c 2006. 
300 |a 183 p. ;  |c 23 cm. 
500 |6 880-05  |a "al-Ṣinf : 5/230." 
504 |a Includes bibliographical references (p. 177-179). 
650 0 |a Real property  |z Algeria. 
880 1 |6 100-01  |a خمار، الفاضل. 
880 1 2 |6 245-02  |a الجرائم الواقعة على العقار /  |c الفاضل خمار. 
880 |6 250-03  |a الطبعة 1. 
880 |6 260-04  |a بوا زريعة، الجزائر :  |b دار هومة،  |c 2006. 
880 |6 500-05  |a "الصنف : 5/230." 
988 |a 20070706 
906 |0 MH